| Поле | Инд. | ПП | Название | Значение |
|---|---|---|---|---|
| Тип записи | a | |||
| Библиографический уровень | m | |||
| 001 | Контрольный номер | f01dbf8b-156d-48af-905b-5f2cec8bf101 | ||
| 005 | Дата корректировки | 20170208135216.8 | ||
| 008 | Кодируемые данные | 080829 | ||
| 020 | a | ISBN | 5-901-402-08-1 | |
| c | Цена, тираж | 70.00 | ||
| 040 | a | Служба первич. каталог. | НБ ТвГУ | |
| 041 | 0_ | a | Код языка текста | rus |
| 080 | a | Индекс УДК | 332.122 | |
| a | Индекс УДК | 911.3:338.45 | ||
| 084 | a | Индекс другой классификации/Индекс ББК | У046 | |
| a | Индекс другой классификации/Индекс ББК | У050.22 | ||
| 090 | x | Авторский знак | Я 47 | |
| a | Полочн. индекс | У046 | ||
| 100 | 1_ | a | Автор | Яковлева Светлана Ивановна |
| 245 | 00 | a | Заглавие | Инфраструктурные системы: территориальное развитие и управление |
| c | Ответственность | Твер. гос. ун-т | ||
| 260 | 0_ | a | Место издания | Тверь |
| b | Издательство | Сивер | ||
| c | Дата издания | 2002 | ||
| 300 | a | Объем | 200 с. | |
| b | Иллюстрации/ тип воспроизводства | ил., табл., карты | ||
| 504 | a | Библиография | Библиогр.: с.185-200 и в подстроч. примеч. | |
| 583 | a | Действие | Получение впервые 190 28.08.2008 | |
| k | Исполнитель действия | Дар Яковлевой С.И. | ||
| 653 | 0_ | a | Ключевые слова | Региональная экономика |
| a | Ключевые слова | Территориальная организация | ||
| a | Ключевые слова | Инфраструктурные системы | ||
| a | Ключевые слова | Старопромышленные районы России | ||
| a | Ключевые слова | Инфраструктура | ||
| a | Ключевые слова | Управление региональной экономикой | ||
| a | Ключевые слова | Экономическая география России | ||
| a | Ключевые слова | Труды Тверского государственного университета | ||
| 852 | 41 | t | Порядковый номер экземпляра | 1 |
| p | Инвентарный номер | 917494 | ||
| 863 | t | 00233550 | ||
| 888 | a | Бесплатные | ||
| 901 | t | Тип документа | m | |
| 952 | p | 190.2008 70.00 1 917494 | ||
| c | Вид литературы | К рн | ||
| 954 | a | Дата поступления на обработку | 20081006 | |
| 999 | a | Подразделение 2 | Фил4 |